Double barrel / (Record no. 1962)

000 -LEADER
fixed length control field 00876nam a22002897a 4500
001 - CONTROL NUMBER
control field 408868
003 - CONTROL NUMBER IDENTIFIER
control field OSt
005 - DATE AND TIME OF LATEST TRANSACTION
control field 20210305075008.0
008 - FIXED-LENGTH DATA ELEMENTS--GENERAL INFORMATION
fixed length control field 801203s1975 nyu 000 1 eng
010 ## - LIBRARY OF CONGRESS CONTROL NUMBER
LC control number 80006128
020 ## - INTERNATIONAL STANDARD BOOK NUMBER
International Standard Book Number 0140025855
040 ## - CATALOGING SOURCE
Original cataloging agency DLC
Transcribing agency DLC
Modifying agency DLC
Language of cataloging eng
041 ## - LANGUAGE CODE
Language code of text/sound track or separate title eng
050 10 - LIBRARY OF CONGRESS CALL NUMBER
Classification number PR6056.R4
Item number D6 1981
080 ## - UNIVERSAL DECIMAL CLASSIFICATION NUMBER
Universal Decimal Classification number 821.111
Item number F-88
082 00 - DEWEY DECIMAL CLASSIFICATION NUMBER
Classification number 823/.914
Edition number 19
100 1# - MAIN ENTRY--PERSONAL NAME
Personal name Freeling, Nicolas.
245 10 - TITLE STATEMENT
Title Double barrel /
Statement of responsibility, etc. Nicolas Freeling.
Remainder of title / by: Penguin Books
260 ## - PUBLICATION, DISTRIBUTION, ETC.
Place of publication, distribution, etc. Baltimore, Maryland
Name of publisher, distributor, etc. Penguin Books
Date of publication, distribution, etc. 1975
300 ## - PHYSICAL DESCRIPTION
Extent 207 p.
Dimensions 18 cm.
365 ## - TRADE PRICE
Price amount 1.25 usd
500 ## - GENERAL NOTE
General note Reprint of the 1st ed. published in 1965 by Harper & Row, New York.
650 #0 - SUBJECT ADDED ENTRY--TOPICAL TERM
9 (RLIN) 254
Topical term or geographic name entry element English literature
653 ## - INDEX TERM--UNCONTROLLED
Uncontrolled term ინგლისური ლიტერატურა
906 ## - LOCAL DATA ELEMENT F, LDF (RLIN)
a 7
b cbc
c orignew
d 1
e ocip
f 19
g y-gencatlg
942 ## - ADDED ENTRY ELEMENTS (KOHA)
Source of classification or shelving scheme
Koha item type Books
Holdings
Withdrawn status Lost status Source of classification or shelving scheme Damaged status Not for loan Permanent location Current location Date acquired Inventory number Total Checkouts Full call number Barcode Date last seen Price effective from Koha item type
          Ken Walker International University Ken Walker International University 03/05/2021 1736   821.111 F-88 1736 03/05/2021 03/05/2021 Books

Powered by Koha